विश्व का परमाणु संकट और भारत की परमाणु नीति / (Record no. 19700)
[ view plain ]
| 000 -LEADER | |
|---|---|
| fixed length control field | 01553nam a22002777a 4500 |
| 005 - DATE AND TIME OF LATEST TRANSACTION | |
| control field | 20081106101154.0 |
| 008 - FIXED-LENGTH DATA ELEMENTS--GENERAL INFORMATION | |
| fixed length control field | 081106t xxu||||| |||| 00| j hin d |
| 010 ## - LCCN (DPL NO) | |
| LC control number | HIN-85422 |
| 020 ## - INTERNATIONAL STANDARD BOOK NUMBER | |
| Terms of availability | 450.00 |
| International Standard Book Number | 8174875905 |
| 035 ## - SYSTEM CONTROL NUMBER | |
| System control number | HN-57768 |
| 037 ## - SOURCE OF ACQUISITION | |
| Source of stock number/acquisition | DBAD / PUB |
| 040 ## - CATALOGING SOURCE | |
| Original cataloging agency | DPL |
| Language of cataloging | HN |
| 082 ## - DEWEY DECIMAL CLASSIFICATION NUMBER | |
| Classification number | 355.0217 |
| 100 ## - MAIN ENTRY--PERSONAL NAME | |
| Personal name | शुक्ल, कृष्णानन्द |
| 245 ## - TITLE STATEMENT | |
| Title | विश्व का परमाणु संकट और भारत की परमाणु नीति / |
| Statement of responsibility, etc | कृष्णानन्द शुक्ल |
| 246 ## - VARYING FORM OF TITLE | |
| Title proper/short title | Vishwa Ka Parmanu Sankat Aur Bharat Ki Parmanu Niti |
| Remainder of title | by Krishna Nand Shukla |
| 260 ## - PUBLICATION, DISTRIBUTION, ETC. (IMPRINT) | |
| Place of publication, distribution, etc | नई दिल्ली |
| Name of publisher, distributor, etc | राधा पब्लिकेशन्स |
| Date of publication, distribution, etc | 2008 |
| 270 ## - ADDRESS | |
| Address | 4231/1, अंसारी रोड़, दरियागंज |
| City | नई दिल्ली |
| Postal code | 110002 |
| Telephone number | 011-23247003, 23254306 |
| 300 ## - PHYSICAL DESCRIPTION | |
| Extent | 218 पृ |
| Dimensions | 22सेमी (सजिल्द) |
| 650 ## - SUBJECT ADDED ENTRY--TOPICAL TERM | |
| Topical term or geographic name as entry element | परमाणु युद्ध |
| General subdivision | नैतिक एवं नीति संबंधी पक्ष |
| 650 ## - SUBJECT ADDED ENTRY--TOPICAL TERM | |
| Topical term or geographic name as entry element | Nuclear warfare |
| General subdivision | Moral and ethical aspects |
| 650 ## - SUBJECT ADDED ENTRY--TOPICAL TERM | |
| Topical term or geographic name as entry element | परमाणु उर्जा |
| General subdivision | सरकारी नीति |
| Geographic subdivision | भारत |
| 650 ## - SUBJECT ADDED ENTRY--TOPICAL TERM | |
| Topical term or geographic name as entry element | Nuclear energy |
| General subdivision | Government policy |
| Geographic subdivision | India |
| 942 ## - ADDED ENTRY ELEMENTS (KOHA) | |
| Source of classification or shelving scheme | Dewey Decimal Classification |
| Item type | Hindi Books |
| Call number suffix | शुक्लकृ |
| Classification part | 355.0217 |
| Withdrawn status | Lost status | Source of classification or shelving scheme | Damaged status | Not for loan | Home library | Current library | Date acquired | Cost, normal purchase price | Total Checkouts | Full call number | Barcode | Date last seen | Copy number | Cost, replacement price | Koha item type |
|---|---|---|---|---|---|---|---|---|---|---|---|---|---|---|---|
| Dewey Decimal Classification | Not For Loan | D.B.Act.Division | D.B.Act.Division | 11/12/2008 | 450.00 | 355.0217 शुक्लकृ | HN-57768 | 11/12/2008 | 1 | 450.00 | Hindi Books |
